000 01382cam a2200349 a 4500
001 2127016
003 SISC
005 20160307154806.0
008 971008s1998 enk b 001 0 eng
010 _a 97042989
020 _a0415137942
020 _a0415137950
040 _aDLC
_cDLC
_dDLC
050 0 0 _aPR 627
_b.Ex9 1998
082 0 0 _aHS 822.009
_bE9 1998
245 0 0 _aExploring the language of drama :
_bfrom text to context /
_cedited by Jonathan Culpeper, Mick Short, and Peter Verdonk.
260 _aNew York :
_bRoutledge,
_cc1998.
300 _a181 p. :
_c25 cm.
500 _aIncludes bibliographical references (p. [172]-177) and index.
650 0 _aEnglish drama
_xHistory and criticism.
_913328
650 0 _aEnglish language
_xStyle.
_913329
650 0 _aDrama
_xTechnique.
_913330
700 1 _aCulpeper, Jonathan,
_d1966-
_913331
700 1 _aShort, Mick.
_913332
700 1 _aVerdonk, Peter,
_d1935-
_913333
856 4 2 _3Publisher description
_uhttp://www.loc.gov/catdir/enhancements/fy0649/97042989-d.html
856 4 2 _3Contributor biographical information
_uhttp://www.loc.gov/catdir/enhancements/fy1102/97042989-b.html
906 _a7
_bcbc
_corignew
_d1
_eocip
_f19
_gy-gencatlg
942 _2lcc
_cBK
999 _c9358
_d9358